Don Jorge y el dragón

Saved in:
Bibliografiske detaljer
Hovedforfatter: Vergara, José Manuel (Author)
Format: Bog
Sprog:spansk
Udgivet: Santiago Del Pacífico 1962
Fag:
Tags: Tilføj Tag
Ingen Tags, Vær først til at tagge denne postø!

MARC

LEADER 00000cam a2200000 a 4500
001 UCX4962
003 CL-VaPUC
008 920818e19620000CL |||||||||||||||||spa|d
082 0 4 |a Ch863  |b VER  |2 21 
100 0 |a Vergara, José Manuel  |e author  |9 321252 
245 1 0 |a Don Jorge y el dragón 
300 |a 156 p 
942 |c BK 
945 |d 19920818 00:00:00 
260 |a Santiago  |b Del Pacífico  |c 1962 
650 0 |a Novelas chilenas   |9 265425 
583 |a last modification  |c 20130822 05:07:05  |k Rodrigo Vera 
999 |c 225323  |d 225321 
952 |0 0  |1 0  |4 0  |6 CH_863_000000000000000_VER_1962  |7 0  |8 A  |9 222739  |a BIBEDU  |b BIBEDU  |d 2019-11-15  |i 2915286  |o Ch863 VER 1962  |p 2915286  |r 2019-11-15  |w 2019-11-15  |y BK  |k LIT 
952 |0 0  |1 0  |4 0  |6 CH_863_000000000000000_VER_1962  |7 0  |8 A  |9 222740  |a BIBEDU  |b BIBEDU  |d 2019-11-15  |i 1337920  |o Ch863 VER 1962  |p 1337920  |r 2019-11-15  |w 2019-11-15  |y BK  |k LIT 
952 |0 0  |1 0  |3 erb  |4 0  |6 CH_863_000000000000000_VER_1962  |7 0  |8 X  |9 222741  |a FDOBUD  |b FDOBUD  |d 2019-11-15  |i 4998383  |o Ch863 VER 1962  |p 4998383  |r 2019-11-15  |w 2019-11-15  |y BK_X  |z Catalogado en:20130829  |k BUD